Feu! Chatterton - Compagnons (Paroles - Statistiques

Statistiques générales
  • Ce quiz a été pris 26 fois
  • Le résultat moyen est 200 sur 259
Statistiques - réponses
Paroles % Correct
...
100%
Compagnons
100%
de
100%
des
100%
Je
100%
je
100%
la
100%
La
100%
ma
100%
me
100%
vous
100%
a
95%
à
95%
Et
95%
et
95%
jours
95%
jours,
95%
mauvais
95%
une
95%
le
90%
souhaite
90%
bonne
85%
vais
85%
les
85%
Les
85%
nuit
85%
son
85%
vais,
85%
vais
85%
Alors
80%
m'en
80%
mon
80%
ne
80%
pas
80%
qu'à
80%
qui
80%
Il
75%
quand
75%
Quand
75%
ai
70%
Au
70%
au
70%
70%
du
70%
été
70%
faut
70%
fois
70%
joue
70%
mauvaise
70%
Nous
70%
on
70%
Plus
70%
plus
70%
sont
70%
Tous
70%
C'est
65%
tort
65%
côté
60%
écouter
60%
encore
60%
fait
60%
J'aurais
60%
jouer
60%
Mais
60%
moi
60%
Moi
60%
n'en
60%
ou
60%
pour
60%
puis
60%
recette
60%
serez
60%
suis
60%
tête
60%
torts
60%
bord
55%
caniche
55%
faute
55%
fumé
55%
grand
55%
ménager
55%
mer
55%
mer,
55%
Pensez
55%
poil
55%
quelques
55%
saumon
55%
tard
55%
archet
50%
celui
50%
cette
50%
chanson
50%
chien
50%
cigarettes
50%
dans
50%
dur
50%
gens
50%
grave
50%
casquette
45%
deux
45%
entendre
45%
fourrière
45%
hurler
45%
mort
45%
musique
45%
paquet
45%
phoque
45%
plait
45%
prends
45%
réveilles
45%
réveillés
45%
trois
45%
causé
40%
concert
40%
Dormez,
40%
énervé
40%
rêvez
40%
viennent
40%
Ouh!
5%
Aucun quiz correspondant
Distribution des résultats
% des personnes avec chaque résultat
Percentile par nombre de réponses
Votre historique - résultats
Vous n’avez pas pris ce quiz